| 000 | 00439nam a2200145 a 4500 | ||
|---|---|---|---|
| 001 | 000047563 | ||
| 005 | 20201002060617.0 | ||
| 008 | 180703s2017 dr 000 spa d | ||
| 040 |
_aDO-SdBNP _bspa _cBNPHU |
||
| 100 | 1 |
_aMatías, Domingo _9565 |
|
| 245 | 0 |
_aBalances del sistema municipal dominicano 2010-2016. / _cDomingo Matías. |
|
| 260 |
_aSanto Domingo : _bBúho, _c2017. |
||
| 300 |
_a91 p. ; _c23 cm. |
||
| 590 | _aInventariado,2018/DG | ||
| 999 |
_c47051 _d47051 |
||